00342nam a2200121 a 4500008004100000050001500041100002400056245006800080260002600148300001000174350000900184700002700193120416s1936 ||||||||||||||||| || u aHJ 171 Vit aMarget, Edith Pavlo10aFirst principles of public financecedited by Edith Pavlo Maret aLondonbJ. Capec1936 a435p. a0.00 aViti de Marco, Antonio